00962nam a2200289Ia 450000500170000000800410001702000180005802000150007608200170009110000330010824500440014125000190018530000250020449000370022965000460026665000500031265000370036265000380039965000570043794200120049426400280050633600270053433700330056133800280059404000350062299900150065720220317001529.0161108s2014 ck g 000 0 s  a9789584240132 a958424013704a305.4bL17m21 aLara Salive, Patriciad1951-14aLas mujeres en la guerracPatricia Lara a3a impresión a299 páginasc19 cm aPlaneta lector : contemporáneo142LEMBaMujeres como guerrilleraszColombia142LEMBaMujeresvActividad políticazColombia142LEMBaConflicto armadozColombia142LEMBaGuerra y sociedadyColombia142LEMBaGuerra y mujeresvRelatos personaleszColombia 2ddccBK aBogotábPlanetac2014 atextobtxt2rdacontent asin mediaciónbn2rdamedia avolumenbnc2rdacarrier aCO-BoRNBPbspaerdacCO-BoRNBP c7260d7260